Guess the KPOP Group - Statistics

General Stats
  • This quiz has been taken 40 times
  • The average score is 21 of 50
Answer Stats
Hint Answer % Correct
Kill This Love Blackpink
93%
Boys with Luv BTS
93%
Whiplash Aespa
90%
Eve, Psyche, & The Bluebeard's Wife LE SSERAFIM
83%
Russian Roulette Red Velvet
83%
Wannabe ITZY
77%
Super Shy NewJeans
77%
Polaroid Love ENHYPEN
73%
Ring Ding Dong SHINee
73%
Christmas Evel Stray Kids
73%
Love Shot EXO
70%
Love Language TXT
70%
Dance The Night Away Twice
67%
Love Scenario iKON
63%
Kick It NCT 127
60%
Pretty U Seventeen
57%
Me Gustas Gu G-Friend
53%
Catallena Orange Caramel
50%
Up & Down EXID
47%
Nobody Wonder Girls
47%
Fire 2NE1
43%
Baam Momoland
43%
Mr. Simple Super Junior
43%
Mr. Chu APINK
40%
Hot Issue 4Minute
33%
Roly Poly T-ara
33%
After School Weeekly
33%
Something Girl's Day
30%
Candy H.O.T
30%
Decalcomanie Mamamoo
30%
Step Back Girls on Top
27%
Goodbye Baby Miss A
27%
Perfect Man Shinhwa
27%
Shake It SISTAR
27%
Hands Up 2PM
23%
Pretty Girl KARA
23%
Kissing You SNSD
23%
LA cHA TA f(x)
20%
Balloons TVXQ
20%
Heart Attack AOA
17%
Boyfriend Boyfriend
13%
I'm Your Girl S.E.S
13%
Because I'm Stupid SS501
13%
Curious Unis
13%
Coincidence Baby V.O.X
10%
To Mother g.o.d
10%
Hare Hare Big Bang
7%
Eternal Love Fin.K.L
7%
I Know Seo Taiji and Boys
7%
Paradise T-Max
3%
No matching quizzes found
Score Distribution
Percent of People with Each Score
Percentile by Number Answered
Your Score History
You have not taken this quiz